Nové prístupy k meraniu blahobytu a výkonnosti
Limity HDP a alternatívny pohľad na meranie blahobytu a individuálnej spokojnosti. Index hrubého národného šťastia (Gross National Happiness) a Index šťastnej planéty (Happy Planet Index). Dlhodobo udržateľný ekonomický rast a vytvorenie blahobytu aj pre budúce generácie.
Salvato in:
| Autore principale: | |
|---|---|
| Natura: | Capitolo di libro |
| Lingua: | slovacco |
| Soggetti: | |
| Tags: |
Nessun Tag, puoi essere il primo ad aggiungerne!!
|
MARC
| LEADER | 00000naa$a2200000$$$4500 | ||
|---|---|---|---|
| 001 | 0152688 | ||
| 005 | 20240502072723.1 | ||
| 041 | 0 | |a slo | |
| 044 | |a SK | ||
| 245 | 1 | 0 | |a Nové prístupy k meraniu blahobytu a výkonnosti |c Eva Muchová |
| 520 | |a Limity HDP a alternatívny pohľad na meranie blahobytu a individuálnej spokojnosti. Index hrubého národného šťastia (Gross National Happiness) a Index šťastnej planéty (Happy Planet Index). Dlhodobo udržateľný ekonomický rast a vytvorenie blahobytu aj pre budúce generácie. | ||
| 610 | 2 | 0 | |a blahobyt |
| 610 | 2 | 0 | |a rozvoj sociálno-ekonomický |
| 610 | 2 | 0 | |a meranie produktivity |
| 610 | 2 | 0 | |a indexy |
| 610 | 2 | 0 | |a pokrok |
| 610 | 2 | 0 | |a spotreba |
| 610 | 2 | 0 | |a kapitál |
| 610 | 2 | 0 | |a kvalita života |
| 610 | 2 | 0 | |a prostredie životné |
| 610 | 2 | 0 | |a ukazovatele ekonomické |
| 100 | 1 | |a Muchová, Eva, 1961- | |